Online
Catalog

Venticuatro horas de la vida de una mujer / (Record no. 4378)

MARC details
000 -CABECERA
campo de control de longitud fija 00695nam a2200205 a 4500
001 - NÚMERO DE CONTROL
campo de control 000004570
005 - FECHA Y HORA DE LA ÚLTIMA TRANSACCIÓN
campo de control 20200929151449.0
008 - DATOS DE LONGITUD FIJA--INFORMACIÓN GENERAL
campo de control de longitud fija 991008s1964 mx 000 1bspa d
040 ## - FUENTE DE LA CATALOGACIÓN
Centro catalogador/agencia de origen DO-SdBNP
Lengua de catalogación spa
Centro/agencia transcriptor BNPHU
082 ## - NÚMERO DE LA CLASIFICACIÓN DECIMAL DEWEY
Número de clasificación 833.91
Número de documento/Ítem Z97v, 1964
100 1# - ENTRADA PRINCIPAL--NOMBRE DE PERSONA
Nombre de persona Zweig, Stefan,
Fechas asociadas al nombre 1881-1942.
9 (RLIN) 13343
245 10 - MENCIÓN DE TÍTULO
Título Venticuatro horas de la vida de una mujer /
Mención de responsabilidad, etc. Stefan Zweig; traductor, Máximo Llorente; prólogo, José Manuel Ripamonti.
250 ## - MENCIÓN DE EDICIÓN
Mención de edición 6a ed.
260 ## - PUBLICACIÓN, DISTRIBUCIÓN, ETC.
Lugar de publicación, distribución, etc. México :
Nombre del editor, distribuidor, etc. Diana,
Fecha de publicación, distribución, etc. 1964.
300 ## - DESCRIPCIÓN FÍSICA
Extensión 174 p. ;
Dimensiones 20 cm.
650 #4 - PUNTO DE ACCESO ADICIONAL DE MATERIA--TÉRMINO DE MATERIA
Término de materia o nombre geográfico como elemento de entrada Novela alemana
9 (RLIN) 3302
650 #4 - PUNTO DE ACCESO ADICIONAL DE MATERIA--TÉRMINO DE MATERIA
Término de materia o nombre geográfico como elemento de entrada Literatura alemana
9 (RLIN) 3274
700 1# - PUNTO DE ACCESO ADICIONAL--NOMBRE DE PERSONA
Nombre de persona Llorente, Máximo,
Término indicativo de función/relación tr.
9 (RLIN) 13344
700 1# - PUNTO DE ACCESO ADICIONAL--NOMBRE DE PERSONA
Nombre de persona Ripamonti, José Manuel,
Término indicativo de función/relación pról.
9 (RLIN) 13345
Holdings
Estado de retiro Estado de pérdida Restricciones de uso No para préstamo Código de colección Localización permanente Ubicación/localización actual Ubicación en estantería Fecha de adquisición Número de inventario Total de préstamos Signatura topográfica completa Código de barras Fecha visto por última vez Precio válido a partir de Tipo de ítem Koha
    Préstamo interno   Monografías: Libros y Folletos General General En catalogación 23.07.2009 LF1   833.91 Z97v, 1964 4570-10 25.06.2020 25.06.2020 Préstamo interno

Powered by Koha